书目信息 |
| 题名: |
政府绩效管理研究
|
|
| 作者: | 王丽平 著 | |
| 分册: | ||
| 出版信息: | 北京 人民日报出版社 2013 |
|
| 页数: | 241页 | |
| 开本: | 24cm | |
| 丛书名: | ||
| 单 册: | ||
| 中图分类: | D035.1 | |
| 科图分类: | ||
| 主题词: | 国家行政机关--行政管理--研究 | |
| 电子资源: | ||
| ISBN: | 978-7-5115-2232-0 | |
| 000 | 00837nam0 2200241 450 | |
| 001 | 338957 | |
| 005 | 20150604094352.62 | |
| 010 | @a978-7-5115-2232-0@dCNY48.00 | |
| 100 | @a20140613d2013 em y0chiy50 ea | |
| 101 | 0 | @achi |
| 102 | @aCN@b110000 | |
| 105 | @ay z 000yy | |
| 106 | @ar | |
| 200 | 1 | @a政府绩效管理研究@Azheng fu ji xiao guan li yan jiu@f王丽平著 |
| 210 | @a北京@c人民日报出版社@d2013 | |
| 215 | @a241页@d24cm | |
| 300 | @a人民日报学术文库 | |
| 330 | @a本书共八章, 内容包括绩效、绩效考核、绩效管理, 绩效考核常用技术方法, 政府绩效管理的兴起与发展, 政府公共支出绩效管理, 美国政府绩效管理及经验借鉴, 英国政府绩效管理及经验等。 | |
| 606 | 0 | @a国家行政机关@x行政管理@x研究 |
| 690 | @aD035.1@v5 | |
| 701 | 0 | @a王丽平@Awang li ping@c(女, @f1970)@4著 |
| 801 | 0 | @aCN@b卓展宏图@c20150525 |
| 905 | @dD035.1@e120@f4 | |
| 政府绩效管理研究/王丽平著.-北京:人民日报出版社,2013 |
| 241页;24cm |
| 人民日报学术文库 |
| ISBN 978-7-5115-2232-0:CNY48.00 |
| 本书共八章, 内容包括绩效、绩效考核、绩效管理, 绩效考核常用技术方法, 政府绩效管理的兴起与发展, 政府公共支出绩效管理, 美国政府绩效管理及经验借鉴, 英国政府绩效管理及经验等。 |
| ● |
| 相关链接 |
|
|
|
|
正题名:政府绩效管理研究
索取号:D035.1/120
 
预约/预借
| 序号 | 登录号 | 条形码 | 馆藏地/架位号 | 状态 | 备注 |
| 1 | 858685 | 208586859 | 第一样本阅览室/ [索取号:D035.1/120] | 在馆 | |
| 2 | 858686 | 208586868 | 第一借阅区/ [索取号:D035.1/120] | 在馆 | |
| 3 | 858687 | 208586877 | 密集书库-海洋学院/ [索取号:D035.1/120] | 在馆 | |
| 4 | 858688 | 208586886 | 第一借阅区/ [索取号:D035.1/120] | 在馆 |